Role Evropské unie v řízení ekonomické migrace. Současný stav a výhledy
Ústavný rámec Európskej únie pre reguláciu ekonomickej migrácie. Prisťahovalecká politika regulovaná v Maastrichtskej a Amsterdamskej zmluve. Vývoj regulácie ekonomickej migrácie na úrovni Európskej únie (1993-2006). Súčasné diskusie o úlohe EÚ v riadení ekonomickej migrácie. Príčiny pomalej europei...
Guardado en:
| Autor principal: | |
|---|---|
| Formato: | Capítulo de libro |
| Lenguaje: | checo |
| Materias: | |
| Etiquetas: |
Sin Etiquetas, Sea el primero en etiquetar este registro!
|
MARC
| LEADER | 00000naa$a2200000$$$4500 | ||
|---|---|---|---|
| 001 | 0065316 | ||
| 005 | 20231103101255.0 | ||
| 041 | 0 | |a cze | |
| 044 | |a CZ | ||
| 245 | 1 | 0 | |a Role Evropské unie v řízení ekonomické migrace. Současný stav a výhledy |c Andrea Baršová |
| 520 | |a Ústavný rámec Európskej únie pre reguláciu ekonomickej migrácie. Prisťahovalecká politika regulovaná v Maastrichtskej a Amsterdamskej zmluve. Vývoj regulácie ekonomickej migrácie na úrovni Európskej únie (1993-2006). Súčasné diskusie o úlohe EÚ v riadení ekonomickej migrácie. Príčiny pomalej europeizácie politík ekonomickej migrácie. | ||
| 610 | 2 | 0 | |a Európska únia |
| 610 | 2 | 0 | |a spolupráca hospodárska medzinárodná |
| 610 | 2 | 0 | |a politika medzinárodná |
| 610 | 2 | 0 | |a migrácia |
| 610 | 2 | 0 | |a pohyb síl pracovných medzinárodný |
| 610 | 2 | 0 | |a trh práce |
| 610 | 2 | 0 | |a politika azylová |
| 610 | 2 | 0 | |a politika bezpečnostná |
| 610 | 2 | 0 | |a bezpečnosť |
| 610 | 2 | 0 | |a hranice štátne |
| 610 | 2 | 0 | |a zmluvy medzinárodné |
| 100 | 1 | |a Baršová, Andrea | |